Countries With The Most Favorable Opinion On Gay Marriage - Statistics

General Stats
  • This quiz has been taken 59 times
  • The average score is 31 of 35
Answer Stats
% Country % Correct
76 Denmark
98%
78 Iceland
98%
82 Norway
98%
86 Spain
98%
83 Sweden
98%
67 United Kingdom
98%
63 United States
98%
83 Belgium
96%
71 Finland
96%
58 Greece
96%
89 Netherlands
96%
75 Australia
93%
67 Austria
93%
65 Brazil
93%
75 Portugal
93%
79 Canada
91%
72 Germany
91%
69 New Zealand
91%
69 Switzerland
91%
68 Chile
89%
70 Ireland
89%
79 Luxembourg
89%
55 Czech Republic
87%
55 Estonia
87%
59 Italy
87%
59 Mexico
87%
57 Slovenia
85%
65 Argentina
83%
58 Colombia
78%
69 France
78%
70 Uruguay
78%
58 Panama
67%
56 Paraguay
67%
62 Costa Rica
59%
61 Thailand
52%
No matching quizzes found
Score Distribution
Percent of People with Each Score
Percentile by Number Answered
Your Score History
You have not taken this quiz